Estadísticas para Prueba de Yibuti

Haz click aquí para tomar la prueba!

Estadísticas generales

  • Esta prueba ha sido tomada 324 veces
  • La puntuación promedio es 12 de 18

Estadísticas de respuestas

PistaRespuesta% Correcto
Países limítrofesSomalia
96%
Países limítrofesEtiopía
96%
País asiático que está a sólo 20 km de YibutiYemen
95%
Países limítrofesEritrea
95%
Península de Yibuti{Cuerno} de África
92%
Capital de YibutiYibuti
91%
Religión oficialIslam
88%
Djibouti es inusual en el sentido de que alberga bases ______ de muchos países
extranjeros diferentes, entre ellos los Estados Unidos, Japón, China y Francia.
Militares
86%
Dos masas de agua conectadas por ese estrechoMar {Rojo}
85%
Idiomas oficialesFrancés
84%
Idiomas oficialesÁrabe
80%
Imperio del que Yibuti formó parte de 1577 a 1867Imperio Otomano
60%
Dos masas de agua conectadas por ese estrechoGolfo de {Aden}
50%
Moneda de YibutiFranco
41%
Las costas del Lago Assal tienen la menor ______ de cualquier lugar en tierra en ÁfricaElevación
35%
Sólo el 0,09% de la tierra en Djibouti es ...Cultivable
35%
El estrecho estratégico situado entre Yibuti y ese paísBab el-{Mandeb}
21%
Se dice que el antiguo reino existió alrededor de Yibuti antes del 1000 A.C.
* pista: comienza con P
Punt
16%

Distribución de puntuación

Porcentaje por número respondido

Porcentaje de gente con cada puntuación

Historial de tus puntuaciones

No has tomado esta prueba